000 00419nam a2200181Ia 4500
005 20240823010632.0
008 240823s9999||||xx |||||||||||||| ||und||
082 _A621.382 P0
100 _a"Garcia,Leon"
245 0 _aCommunication Networks
250 _a1st
260 _c2000
_b"TMH,New Delhi"
500 _aYES
650 _aElectronics
_bElectronics
700 _a Widjaja
942 _cBK
999 _c159200
_d159200